Quizzes
Events
Quiz Creation
Community
Videos
Private Events
Remove Ads
Sign In
Join for FREE
Feedback
Dark Mode
Quiz Categories
Sports
Geography
Music
Movies
Television
Just For Fun
Miscellaneous
History
Literature
Language
Science
Gaming
Entertainment
Religion
Holiday
For Kids
Quiz Lab
Recent
Popular Today
Quiz Kudos Today
Editor Picks
Curator Picks
Quizzes by...
Day
Popularity
Type
Ratings
Length
Year
Community
Subscriptions
Recent Discussions
Orange Saloon
Badges
Playlists
Quests
Create
Leaderboards
Showdown
Live 5
Trivia Bingo
Activity
Puzzle Library
Sporcle Events
Private Events
Virtual Trivia
Globe League
Become a Host
Pub Owners
SporcleCon
Opinionation
Our Games
Videos
Blog
Mobile Apps
Partnerships
Remove Ads and Go Orange
Feedback
Sports
Athletes
MLB
NBA
NHL
NFL
Soccer
Sports Teams
WWE
NCAA
Football
Premier League
Basketball
Baseball
Hockey
Golf
Tennis
Cricket
Rugby
Auto Racing
Olympics
World Cup
Sports
Athletes
MLB
NBA
NHL
NFL
Soccer
Sports Teams
WWE
NCAA
Football
Premier League
Basketball
Baseball
Hockey
Golf
Tennis
Cricket
Rugby
Auto Racing
Olympics
World Cup
Random Quiz
Search Sporcle
×
Curator Pick
Curator Pick
Sports
NCAA
Type in answers that appear in a list
Type in answers that appear in a list
Classic
Best Score? Go Orange.
NBA - Where did they go to college? Stats
Can you name where these NBA players went to college?
By
TomCat740
10m
100 Questions
11.9K Plays
11,944 Plays
11,944 Plays
Comments
Comments
Give Quiz Kudos
Give Quiz Kudos
-
- Ratings
hide this ad
Forced Order
Answers have to be entered in order
Answers have to be entered in order
Replay
Link that replays current quiz
Next Quiz
Link to next quiz in quiz playlist
You Got
0%
They Got
Avg Score
54%
Avg Friend Score
Upgrade to see
Score Distribution
Jump to the score distribution portion of the page
Score
0/100
Timer
10:00
0
Plays Today
Player
College
% Correct
Michael Jordan
North Carolina
99%
Shaquille O'Neal
LSU
90.1%
Tim Duncan
Wake Forest
84.2%
Magic Johnson
Michigan State
83.7%
Larry Bird
Indiana State
82.3%
Kareem Abdul-
Jabbar
UCLA
81.1%
Carmelo Anthony
Syracuse
79.7%
Kevin Durant
Texas
78.5%
Dwayne Wade
Marquette
77.9%
Kyrie Irving
Duke
77.5%
John Wall
Kentucky
77.2%
Anthony Davis
Kentucky
77.2%
Stephen Curry
Davidson
76%
Chris Paul
Wake Forest
75.3%
Patrick Ewing
Georgetown
74.8%
Chris Webber
Michigan
74.8%
Kemba Walker
Connecticut
74.5%
Blake Griffin
Oklahoma
74.4%
Kevin Love
UCLA
74.4%
Allen Iverson
Georgetown
74.3%
Russell Westbrook
UCLA
74.2%
Hakeem Olajuwon
Houston
74.2%
Grant Hill
Duke
73.5%
Derrick Rose
Memphis
73.2%
Joakim Noah
Florida
72.6%
DeMarcus Cousins
Kentucky
71.7%
Vince Carter
North Carolina
71.2%
Jeremy Lin
Harvard
70.1%
Jalen Rose
Michigan
69.9%
Charles Barkley
Auburn
69.1%
David Robinson
Navy
68.9%
Bill Walton
UCLA
67.8%
Shane Battier
Duke
66.5%
James Harden
Arizona State
65.6%
Player
College
% Correct
Juwan Howard
Michigan
65.5%
Paul Pierce
Kansas
65.1%
Wilt Chamberlain
Kansas
64.2%
Ray Allen
Connecticut
63.9%
Rajon Rondo
Kentucky
62.7%
John Stockton
Gonzaga
60.1%
Carlos Boozer
Duke
59.7%
Luol Deng
Duke
58.4%
LaMarcus Aldridge
Texas
57.8%
Kawhi Leonard
San Diego State
57.4%
Roy Hibbert
Georgetown
57.1%
Mike Conley
Ohio State
57.1%
Ty Lawson
North Carolina
56.3%
Chris Bosh
Georgia Tech
56.1%
Pete Maravich
LSU
55.8%
Richard Hamilton
Connecticut
55.5%
Steve Nash
Santa Clara
55.1%
James Worthy
North Carolina
54.6%
Deron Williams
Illinois
54.4%
Clyde Drexler
Houston
54.3%
Bill Russell
San Francisco
53.2%
Andrew Bogut
Utah
52.8%
Damian Lillard
Weber State
52.6%
Reggie Miller
UCLA
52%
Isiah Thomas
Indiana
51.9%
Antawn Jamison
North Carolina
51.6%
Jason Kidd
California
51.1%
Alonzo Mourning
Georgetown
49.5%
Rudy Gay
Connecticut
49.5%
Ben Gordon
Connecticut
48.3%
Marcus Camby
UMass
48.3%
Klay Thompson
Washington State
47.9%
Oscar Robertson
Cincinnati
47.8%
Chris Mullin
St. John's
46.1%
Player
College
% Correct
Mike Bibby
Arizona
45.6%
Kenyon Martin
Cincinnati
45.5%
Andre Iguodala
Arizona
44.7%
Paul George
Fresno State
43.8%
Jameer Nelson
St. Joseph's
43.4%
Tayshaun Prince
Kentucky
43%
Jerry West
West Virginia
43%
Chauncey Billups
Colorado
42.9%
Anfernee 'Penny' Hardaway
Memphis
41.7%
Gary Payton
Oregon State
41.3%
Karl Malone
Louisiana Tech
38.9%
Baron Davis
UCLA
38.7%
Jason Terry
Arizona
38.7%
Lamar Odom
Rhode Island
36.9%
Michael Redd
Ohio State
35.8%
Stephon Marbury
Georgia Tech
35.1%
Steve Francis
Maryland
34.9%
Kevin McHale
Minnesota
29.5%
Danny Granger
New Mexico
29.3%
Scottie Pippen
Central Arkansas
28.8%
Iman Shumpert
Georgia Tech
28.8%
Julius Erving
UMass
28.1%
Danny Ainge
BYU
27.4%
Dominque Wilkins
Georgia
26.6%
John Havlicek
Ohio State
25.8%
Latrell Sprewell
Alabama
17.9%
Larry Sanders
VCU
17.6%
Muggsy Bogues
Wake Forest
17.5%
Robert Horry
Alabama
17.3%
Elgin Baylor
Seattle
16.6%
Spud Webb
NC State
9.6%
John Starks
Oklahoma State
7%
Quiz Playlist
Details
Report
Send in Message
Add To Playlist
Classic:
Type in answers that appear in a list
Forced Order:
Answers have to be entered in order
Last Updated: Apr 26, 2017
Curator Pick in
NCAA
Quiz Scoreboard
CHALLENGE
Sign Up to Join the Scoreboard
Show All
Scores
Hide
Comments
May contain spoilers
Recently Published
Popular People in 1961
by mucciniale
History
6m
1-10 Letter E Words III
by El_Dandy
Language
2m
One Thing in Common: World Cities II
by knightlancer
Geography
7m
More to Explore
Quiz From the Vault
Featured Blog Post
Where Did the Easter Bunny Come From?
hide this ad
You Might Also Like...
Tags
Basketball Quiz
College Quiz
NBA Quiz
NCAA Quiz
NCAA Basketball
Today's Top Quizzes in Sports
Browse Sports
hide this ad
Today's Top Quizzes in NCAA
Browse NCAA
Top Contributed Quizzes in Sports
1
2022 World Cup Stars
2
Les entraîneurs de l'OM et du PSG au 21e siècle
3
FIFA Club World Cup Champions
4
Criteria MLB: Left Handed Sluggers
5
Les meilleurs buteurs des matchs entre le PSG et l’OM
6
Name the Premier League winners with different clubs
7
Players with Multiple 50 Home Run Seasons
8
MLB Players with Two .350 Batting Average Seasons
9
La finale Lions - Afrique du Sud 2021
10
MLB Hall of Famer by Rings
Explore More
Trending Topics
Crossword
Kpop
Anime
NBA
Marvel
Harry Potter
Disney
Song
WWE
Soccer
The Office
Puzzle
NFL
Pokémon
Country
hide this ad
More By:
TomCat740
Quiz
Plays
Rating
Category
Featured
Created
NBA - Where did they go to college?
11,944
4.75
Sports
Mar 25, 2014
NCAA Division 1 Total Championships(all sports)
1,975
4.50
Sports
Mar 24, 2014
Big 4 Teams By State
605
4.44
Sports
Mar 26, 2014
Go to Creator's Profile
Score Distribution
Quiz Creator Spotlight
TomCat740
Follow
Send a Message
Quizzes Created
-
Created Quiz Play Count
-
More By This Creator
Popular Quizzes Today
1
Find the US States - No Outlines Minefield
2
The Countries of the World
3
Popular People in 1961
4
Find the Countries of Europe - No Outlines Minefield
5
1-10 Letter E Words III
6
Find the US States
7
One Thing in Common: World Cities II
8
US States
More Sports Quizzes
Clueless Letter Lines: Decathlon Disciplines
Editor's Pick
Trending Quizzes
Country Music Stars Doing Things
Get the Picture: Carrie or Dolly
1-10 Letter F Words
1-10 Letter G Words
Risky Map Clicking: Next State Alphabetically
Recently Updated
Leaping Animals
pecheneg
Reality TV Shows (A-Z)
bhenderson79
Rickey Henderson's Hall of Fame Teammates
pecheneg
Champions League XIs: Arsenal
pecheneg
Quick Pick: Celebrities in WWE's Hall of Fame
aduchscher
A-Z Keypad Blitz II
pecheneg
Multiple Oscar Actors
pecheneg
Mystery Phrase Blitz: Oscar 'Best Actors'
pecheneg
F. Scott Fitzgerald Novels
LTH
Pick 3 Villains
ddd62291
Trending Topics
Disney
Anime
Crossword
Kpop
Harry Potter
Marvel
NBA
Pokémon
NFL
WWE
The Office
Country
Puzzle
Soccer
Song
Your Account Isn't Verified!
In order to create a playlist on Sporcle, you need to verify the email address you used during registration. Go to your
Sporcle Settings
to finish the process.
Report this User
Report this user for behavior that violates our
Community Guidelines
.
Details:
Send Report
Go to the Sporcle.com Mobile Site →
Comments